Structure and characteristics of rubberwood (Record no. 48134)

MARC details
000 -LEADER
fixed length control field 00762nam a2200133Ia 4500
100 ## - MAIN ENTRY--AUTHOR NAME
Personal name Lim S C
245 #0 - TITLE STATEMENT
Title Structure and characteristics of rubberwood
260 ## - PUBLICATION, DISTRIBUTION, ETC. (IMPRINT)
Name of publisher Rubberwood Processing and Utilization, Kuala Lumpur, Malaysia, 1994; p17-25
Year of publication 1994
520 ## - SUMMARY, ETC.
Summary, etc The paper presenting a detailed discussion on the anatomy of wood (macroscopic and microscopic analysis) and bark of rubber, formation of tapping panel marks etc. It also discuss with the feature of tension wood in rubber, general characteristics of tension wood and the practical problems associated with the presence of tension wood in utilizing rubber wood for various end uses.
650 ## - SUBJECT ADDED ENTRY--TOPICAL TERM
Topical Term Rubberwood
700 ## - ADDED ENTRY--PERSONAL NAME
Personal name Sulaiman
942 ## - ADDED ENTRY ELEMENTS (KOHA)
Koha item type Bibliography RLWO
Holdings
Withdrawn status Lost status Damaged status Not for loan Home library Current library Date acquired Koha item type
      Bibliography RRII Library RRII Library 31/12/2021 Bibliography RLWO